• 首页
  • 本馆介绍
  • 公告通知
  • 最新文献
  • 馆藏检索
  • 电子资源
  • 读者导购
  • 参考咨询
  • 我的图书馆
  • 登录
  • 详细信息显示
  • 放入我的书架
  • 预约/预借图书
  • 作者相关作品
  • 分类相关作品
  • 丛书相关作品
  • 出版社相关作品

书目信息

  • 表格格式
  • 工作单格式
  • 卡片格式
题名:
生物统计学
    
 
作者: 王文林 , 姜丽娜 , 李春喜 , 邵云 编著
分册:  
出版信息: 北京   科学出版社  2005
页数: 357页
开本: 26cm
丛书名:
单 册:
中图分类: Q-332
科图分类:
主题词: 生物统计
电子资源:
ISBN: 7-03-015155-0
000 00723nam0 2200265 45
001 0197043582
005 20070727103451.64
010    @a7-03-015155-0@dCNY28.00
100    @a19971209d2005 em y0chiy0121 ea
101 0  @achi
102    @aCN@b110000
105    @ak z 000yy
200 10 @a生物统计学@Asheng wu tong ji xue@f李春喜等编著@FLi Chun Xi Deng Bian Zhu
205    @a3版
210    @a北京@c科学出版社@d2005
215    @a357页@d26cm
300    @a21世纪高等院校教材-生物科学系列
606    @a生物统计
690    @aQ-332@v4
701  0 @a王文林@4编著
701  0 @a姜丽娜@4编著@Ajiang li na
701  0 @a李春喜@4编著
701  0 @a邵云@Ashao yun@4编著
801    @aCN@bTSTC@c20070727
905    @dQ-332@e32=3
    
    生物统计学/李春喜等编著.-3版.-北京:科学出版社,2005
    357页;26cm
    21世纪高等院校教材-生物科学系列
    
    ISBN 7-03-015155-0:CNY28.00
    
●
相关链接 在E读中查询图书 在五车中查询图书 在当当中查询图书 在豆瓣中查询图书


正题名:生物统计学     索取号:Q-332/32=3         预约/预借

序号 登录号 条形码 馆藏地/架位号 状态 备注
1 0483846   204838462   密集书库/ [索取号:Q-332/32=3] 在馆    
2 0494313   204943133   密集书库/ [索取号:Q-332/32=3] 在馆    
3 0501550   205015507   密集书库/ [索取号:Q-332/32=3] 在馆    
4 0501551   205015516   密集书库/ [索取号:Q-332/32=3] 在馆    
5 0768616   207686164   密集书库/ [索取号:Q-332/32=3] 在馆    
6 0775648   207756481   密集书库/ [索取号:Q-332/32=3] 在馆    
7 0775883   207758835   密集书库/ [索取号:Q-332/32=3] 在馆    
8 0778912   207789124   密集书库/ [索取号:Q-332/32=3] 在馆    
9 0779808   207798089   密集书库/ [索取号:Q-332/32=3] 在馆    
10 0779836   207798365   密集书库/ [索取号:Q-332/32=3] 在馆    
11 0779915   207799159   密集书库/ [索取号:Q-332/32=3] 在馆    
12 0788593   207885939   密集书库/ [索取号:Q-332/32=3] 在馆    
唐山师范学院图书馆 欢迎您!
大连网信软件有限公司© 版权所有